Statistiques concernant Culture Générale - Série 2122

Cliquez ici pour prendre le quiz!

Statistiques générales

  • Ce quiz a été pris 58 fois
  • Le résultat moyen est 7 sur 10

Statistiques - réponses

QuestionRéponse% Correct
Où s'est déroulée la coupe du monde de Football en 1998 ?France
93%
Quel agrume est fêté dans la ville de Menton chaque hiver ?citron
93%
Dans le dessin animé de Disney, quel animal est Robin des Bois ?renard
87%
Quel fut le premier président des Etats Unis ? prénom et nom - voir photoGeorge Washington
83%
Quelle chanteuse belge a interprété "Cho Ka Ka O" ? prénom et nomAnnie Cordy
80%
Quel département français porte le numéro 25 ?Doubs
69%
Quel est le nom de famille du "Parrain" interprété par Marlon Brando dans le film du même nom ?Corleone
67%
Dans le film "Le livre de la jungle", comment s'appelle la panthère noire ?Bagheera
57%
Dans le film "La reine des neiges", comment s'appelle le bonhomme de neige ?Olaf
43%
Comment appelle-t-on un un animal de compagnie virtuel japonais ?tamagotchi
20%

Distribution des résultats

Percentile par nombre de réponses

% des personnes avec chaque résultat

Votre développement - résultats

Vous n’avez pas pris ce quiz